| 000 | 00469cam a2200181ua 4500 | ||
|---|---|---|---|
| 020 | _c4.50 | ||
| 041 |
_amal _h |
||
| 082 |
_a320.154 _bJAY/IN |
||
| 100 | _aJaya Deva, Das . | ||
| 245 |
_aIndiayude rashtriya samvidhanam / _cJaya Deva Das. _hTextual Documents |
||
| 260 |
_aThiruvananthapuram : _bState Instititute of Languages , _c1970. |
||
| 300 | _a276 ; . | ||
| 365 | _a4.50 | ||
| 504 | _a | ||
| 942 | _cBK | ||
| 999 |
_c6233 _d6233 |
||